OPERATIONS MANAGEMENT ALONG THE SUPPLY C (Record no. 13292)
[ view plain ]
| 000 -LEADER | |
|---|---|
| fixed length control field | 00362nam a2200133Ia 4500 |
| 008 - FIXED-LENGTH DATA ELEMENTS--GENERAL INFORMATION | |
| fixed length control field | 240624s9999 xx 000 0 und d |
| 041 ## - LANGUAGE CODE | |
| Language code of text/sound track or separate title | eng |
| 082 ## - DEWEY DECIMAL CLASSIFICATION NUMBER | |
| Classification number | 658.5 TAY |
| 100 ## - MAIN ENTRY--PERSONAL NAME | |
| Personal name | RUSSELL ROBERTA S |
| 245 ## - TITLE STATEMENT | |
| Title | OPERATIONS MANAGEMENT ALONG THE SUPPLY C |
| 250 ## - EDITION STATEMENT | |
| Edition statement | (6th ed.) |
| 260 ## - PUBLICATION, DISTRIBUTION, ETC. | |
| Date of publication, distribution, etc. | 2009 |
| Place of publication, distribution, etc. | New Delhi |
| Name of publisher, distributor, etc. | Wiley India |
| 300 ## - PHYSICAL DESCRIPTION | |
| Extent | xxviii, : 776 : p. : cm. ; 22 |
| Withdrawn status | Lost status | Damaged status | Not for loan | Home library | Current library | Shelving location | Date acquired | Full call number | Barcode | Date last seen | Price effective from | Koha item type |
|---|---|---|---|---|---|---|---|---|---|---|---|---|
| Store Books | IMTN | IMTN | Rack 34-B | 06/05/2009 | 658.5 TAY | 13292 | 06/24/2024 | 06/24/2024 | Books |